Liczby od 1 do 12 po niemiecku - Statystyki

Ogólne statystyki
  • Ten quiz został rozwiązany 750 razy
  • Średni wynik to 11 z 12
Statystyki odpowiedzi
Hint Odpowiedź % Poprawnych
3 drei
95%
5 funf
94%
2 zwei
94%
1 eins
91%
8 acht
90%
7 sieben
89%
6 sechs
88%
9 neun
87%
11 elf
86%
4 vier
85%
12 zwolf
80%
10 zehn
73%
Nie znaleziono quizów pasujących do podanych kryteriów
Rozkład punktacji
Procent ludzi z każdym wynikiem
Percentyl według liczby udzielonych odpowiedzi
Twoja historia wyników
Nie rozwiązałeś tego quizu